La guerre de Cent Ans (notice n° 1925430)

détails MARC
000 -LEADER
fixed length control field 01231cam a2200133 4500500
005 - DATE AND TIME OF LATEST TRANSACTION
control field 20260329023210.0
041 ## - LANGUAGE CODE
Language code of text/sound track or separate title fre
042 ## - AUTHENTICATION CODE
Authentication code dc
100 10 - MAIN ENTRY--PERSONAL NAME
Personal name Lemas, Nicolas
Relator term author
245 00 - TITLE STATEMENT
Title La guerre de Cent Ans
260 ## - PUBLICATION, DISTRIBUTION, ETC.
Name of publisher, distributor, etc. Armand Colin,<br/>
Date of publication, distribution, etc. 2017.<br/>
520 ## - SUMMARY, ETC.
Summary, etc. La guerre de Cent Ans est un événement essentiel dans la constitution des royaumes de France et d’Angleterre et a marqué de son empreinte les relations entre les deux pays. Cette synthèse donne les clés pour décrypter les raisons, dépeindre le contexte, présenter les acteurs et décrire le déroulement d’un conflit qui dura de 1330 à 1453. L’auteur propose ici un parcours thématique qui envisage la guerre de Cent Ans comme un phénomène global : politique, idéologique, militaire, sociétal... vu aussi bien du côté français qu’anglais. S’appuyant sur de nombreuses sources – officielles, littéraires, iconographiques –, un appareil cartographique, des encadrés et des études de cas, ce volume permet à l’étudiant de construire un exposé, élaborer une dissertation ou rédiger un commentaire de document.
856 41 - ELECTRONIC LOCATION AND ACCESS
Uniform Resource Identifier <a href="https://shs.cairn.info/la-guerre-de-cent-ans--9782200619176?lang=fr&redirect-ssocas=7080">https://shs.cairn.info/la-guerre-de-cent-ans--9782200619176?lang=fr&redirect-ssocas=7080</a>

Pas d'exemplaire disponible.

PLUDOC

PLUDOC est la plateforme unique et centralisée de gestion des bibliothèques physiques et numériques de Guinée administré par le CEDUST. Elle est la plus grande base de données de ressources documentaires pour les Étudiants, Enseignants chercheurs et Chercheurs de Guinée.

Adresse

627 919 101/664 919 101

25 boulevard du commerce
Kaloum, Conakry, Guinée

Réseaux sociaux

Powered by Netsen Group @ 2025